Mitchell's Elementary Building Construction (Record no. 546264)
[ view plain ]
| 000 -LEADER | |
|---|---|
| fixed length control field | 00492nam a22001457a 4500 |
| 082 ## - DEWEY DECIMAL CLASSIFICATION NUMBER | |
| Classification number | 624.1 |
| Author Mark | MIT |
| -- | L-14,P-93 |
| 100 ## - MAIN ENTRY--PERSONAL NAME | |
| Personal name | Ramond Moxley |
| 9 (RLIN) | 42364 |
| 245 ## - TITLE STATEMENT | |
| Title | Mitchell's Elementary Building Construction |
| Statement of responsibility, etc. | Moxley Ramond |
| 250 ## - EDITION STATEMENT | |
| Edition statement | 23rd ed, |
| 260 ## - PUBLICATION, DISTRIBUTION, ETC. | |
| Place of publication, distribution, etc. | Printed in Great Britain by Jarrold and Sons Ltd,Norwich |
| Name of publisher, distributor, etc. | B.T Batsford Ltd, |
| Date of publication, distribution, etc. | B.T Batsford Ltd, 1959 |
| 300 ## - PHYSICAL DESCRIPTION | |
| Extent | viii.392p.: |
| Other physical details | ill.; |
| Dimensions | 24cm. |
| 526 ## - STUDY PROGRAM INFORMATION NOTE | |
| Program name | 0 |
| Interest level | 0 |
| Reading level | 0 |
| Title point value | 624_100000000000000_MIT |
| 650 ## - SUBJECT ADDED ENTRY--TOPICAL TERM | |
| Topical term or geographic name entry element | MCE |
| 9 (RLIN) | 379 |
| 942 ## - ADDED ENTRY ELEMENTS (KOHA) | |
| Source of classification or shelving scheme | |
| Koha item type | Book |
| Withdrawn status | Lost status | Source of classification or shelving scheme | Damaged status | Not for loan | Permanent Location | Current Location | Date acquired | Total Checkouts | Full call number | Barcode | Date last seen | Date last checked out | Price effective from | Koha item type |
|---|---|---|---|---|---|---|---|---|---|---|---|---|---|---|
| Military College of Engineering (MCE) | Military College of Engineering (MCE) | 06/05/2014 | 1 | 624.1 MIT | MCE-3424 | 01/19/2016 | 09/02/2015 | 06/05/2014 | Book |
